书目信息 |
| 题名: |
托育服务机构设置与供给需求研究
|
|
| 作者: | 贺修炎 著 | |
| 分册: | ||
| 出版信息: | 北京 中国商业出版社 2021.08 |
|
| 页数: | 289页 | |
| 开本: | 24cm | |
| 丛书名: | ||
| 单 册: | ||
| 中图分类: | G618 | |
| 科图分类: | ||
| 主题词: | 托儿所--Tuo Er Suo--机构设置--研究 | |
| 电子资源: | ||
| ISBN: | 978-7-5208-1747-9 | |
| 000 | 01464nam0 2200277 450 | |
| 001 | 012001000819 | |
| 005 | 20140201083658.0 | |
| 010 | @a978-7-5208-1747-9@dCNY79.00 | |
| 099 | @aCAL 012022049811 | |
| 100 | @a20220905d2021 em y0chiy50 ea | |
| 101 | 0 | @achi |
| 102 | @aCN@b110000 | |
| 105 | @aak a 000yy | |
| 106 | @ar | |
| 200 | 1 | @a托育服务机构设置与供给需求研究@Atuo yu fu wu ji gou she zhi yu gong gei xu qiu yan jiu@f贺修炎著 |
| 210 | @a北京@c中国商业出版社@d2021.08 | |
| 215 | @a289页@c图@d24cm | |
| 300 | @a广东省教育科学“十三五”规划2020年粤港澳大湾区国际教育示范区建设研究一般项目“粤港澳大湾区建设背景下深圳托育服务政策研究”(2020WQYB069) 成果 | |
| 314 | @a贺修炎,湖南石门人,教育学博士,研究员,主要从事学前儿童发展与教育、学前教育政策法规、高等职业技术教育研究。 | |
| 320 | @a有书目 | |
| 330 | @a本书属于托育服务研究类的专著。本书以托育服务为研究对象,从托育服务机构设置和供需需求两部分对其进行了深入分析。在托育服务机构设置研究部分,在对国外十余个国家的托育服务机构及对国内托育机构凸显的省市展开梳理的基础上从机构式托育服务、社区式托育服务及居家托育服务等角度对其机构设置进行了研究,并对托幼一体化进行了分析。之后从城市托育服务这一大的范围入手,分析了大城市、城中村等不同区域内的托育服务供需及个案研究,最后从托育服务供需优化方面论述了托育服务供需的相关内容。 | |
| 606 | 0 | @a托儿所@ATuo Er Suo@x机构设置@x研究 |
| 690 | @aG618@v5 | |
| 701 | 0 | @a贺修炎@Ahe xiu yan@4著 |
| 801 | 0 | @aCN@bAHXH@c20221111 |
| 905 | @b1365132-6@dG618@e2668@f5 | |
| 托育服务机构设置与供给需求研究/贺修炎著.-北京:中国商业出版社,2021.08 |
| 289页:图;24cm |
| 广东省教育科学“十三五”规划2020年粤港澳大湾区国际教育示范区建设研究一般项目“粤港澳大湾区建设背景下深圳托育服务政策研究”(2020WQYB069) 成果 |
| ISBN 978-7-5208-1747-9:CNY79.00 |
| 本书属于托育服务研究类的专著。本书以托育服务为研究对象,从托育服务机构设置和供需需求两部分对其进行了深入分析。在托育服务机构设置研究部分,在对国外十余个国家的托育服务机构及对国内托育机构凸显的省市展开梳理的基础上从机构式托育服务、社区式托育服务及居家托育服务等角度对其机构设置进行了研究,并对托幼一体化进行了分析。之后从城市托育服务这一大的范围入手,分析了大城市、城中村等不同区域内的托育服务供需及个案研究,最后从托育服务供需优化方面论述了托育服务供需的相关内容。 |
| ● |
| 相关链接 |
|
|
|
|
正题名:托育服务机构设置与供给需求研究
索取号:G618/2668
 
预约/预借
| 序号 | 登录号 | 条形码 | 馆藏地/架位号 | 状态 | 备注 |
| 1 | 1365132 | 213651323 | 第一样本阅览室/ [索取号:G618/2668] | 在馆 | |
| 2 | 1365133 | 213651332 | 教育系资料室/ [索取号:G618/2668] | 在馆 | |
| 3 | 1365134 | 213651341 | 教育系资料室/ [索取号:G618/2668] | 在馆 | |
| 4 | 1365135 | 213651350 | 第四借阅区/ [索取号:G618/2668] | 在馆 | |
| 5 | 1365136 | 213651369 | 第四借阅区/ [索取号:G618/2668] | 在馆 |